Top 10 Oil Producers : Sudden Death - Statistics

General Stats
  • This quiz has been taken 61 times
    60 since last reset
  • The average score is 4 of 10
Answers on the Grid
Answers color-coded by a green-red scale on the quiz's grid according to % correct below.
Azerbaijan
Brazil
Canada
China
Indonesia
Iran
Iraq
Kazakhstan
Kuwait
Mexico
Norway
Qatar
Russia
Saudi Arabia
Syria
U.S
UAE
Venezuela
 
Answer Stats
Answer % Correct
Saudi Arabia
63%
U.S
53%
Russia
49%
Iran
47%
Canada
40%
China
35%
UAE
35%
Iraq
30%
Brazil
28%
Kuwait
28%
No matching quizzes found
Score Distribution
Percent of People with Each Score
Percentile by Number Answered
Your Score History
You have not taken this quiz since the last reset